| 000 | 00617nam a22002057a 4500 | ||
|---|---|---|---|
| 999 |
_c5562 _d5562 |
||
| 003 | AR-CdUCM | ||
| 008 | 190312b ||||| |||| 00| 0 spa d | ||
| 040 |
_aMUNICIPALIDAD PROVINCIAL DEL CUSCO _cBIBLIOTECA MUNICIPAL DEL CUSCO |
||
| 082 |
_a869.623 / _bM552 |
||
| 100 |
_aMera, Juan Leon _914804 |
||
| 245 | _aNovelistas Ecuatorianas / | ||
| 260 |
_aEcuador : _bPublicaciones educativas Ariel, |
||
| 300 |
_a157 páginas ; _c17 cm. |
||
| 440 |
_aClásicos ariel _n10 _916664 |
||
| 505 | _aContenido: Novelistas varios. | ||
| 650 |
_aNovela. _95 |
||
| 650 |
_aEcuador. _910121 |
||
| 942 |
_2ddc _cLIBROS |
||
| 945 | _awfj | ||